000 02881cam a2200661 a 4500
001 20516
003 VRT
005 20260123141948.0
008 230403s1952 xo ho grn 000 0bslo
015 _aSNBA19451955-002967
020 _q(brožované)
035 _aSK01SNKBKSFS20020063746
035 _aurn:nbn:sk:snk-am3hx1u
035 _a24A875D7-3CFE-4217-8AA8-AC3238133F52
035 _aurn:nbn:sk:snk-am00dc0w
035 _aSKM000066209
039 9 _a202304032043
_bVLOAD
_c202212121253
_dVLOAD
_c202011061418
_dAUTHORITY
_c202009211433
_dmsnk162
040 _aSNK
_bslo
_cSNK
_eAACR2
041 0 _aslo
044 _axo
_cSK
072 7 _a821.162.4.09
_xSlovenská literatúra (o nej)
_2konspekt
080 _a929 Palárik, Ján
_21981
080 _a821.162.4-051
_22008
080 _a(092)
_22008
100 1 _aGašparík, Mikuláš,
_d1916-2003
_4aut
245 1 0 _aJán Palárik a jeho boj o demokratizáciu slovenského národného života
_cMikuláš Gašparík, J. N. J. Bobula
260 _aBratislava
_bNakladateľstvo Slovenskej akadémie vied a umení
_c1952
_eLiptovský Mikuláš
_fStredoslovenské tlačiarne
300 _a70 strán
_bfaksimile, fotografie
_c24 cm
366 _e3000 kusov
490 1 _aMalá vedecká knižnica Slovenskej akadémie vied a umení
_vsväzok 29.
504 _aObsahuje bibliografické odkazy a poznámky
600 1 7 _aPalárik, Ján,
_d1822-1870
_2SNKMA
650 0 7 _aslovenskí spisovatelia
_2SNKPH
650 0 7 _aSlovak authors
_2SNKPHeng
655 7 _abiografie
_2SNKPH
655 7 _aBiography
_2SNKPHeng
700 1 2 _aBobula, J. N. J.
_tJán Palárik - Beskydov (27. apríla 1822 - 7. decembra 1870)
_4aut
700 1 _aKusý, Ivan,
_d1921-2000
_4red
830 0 _aMalá vedecká knižnica Slovenskej akadémie vied a umení
942 _2ddc
_cOLDO
_n0
949 _6270001000457422
_asvkbbS 11891
_bsvkbbm 7988
949 _6270001000457423
_asvkbbS 11892
_bsvkbbm 7987
949 _asvkpoB 11058
_bsvkpo40696
_s6720:20230922
949 _617A0763962
_asnkSC 4509/29
_bsnk1808/53
_osnkVIII. 3197/52 - druhé ev. číslo
_s6100:20190115
949 _6273K0433757
_asvkpoB 11058a
_bsvkpo122966
949 _60133060336
_asnmk
_bsnmk60336
949 _63830001031769
_akurukSK-3206
949 _63830001031770
_akurukSK-3206
949 _6273K0433758
_asvkpoB 11058b
_bsvkpo112967
949 _6273K0436234
_asvkpoB 11058c
_bsvkpo214707
949 _63869A17679
_abpksh929:82(2)
_bbpksh16600
949 _63830001092824
_akurukX1/320
_bkuruk2014/F6652
_oD2014/Jozef Mlacek - kat.žur. FF KU/9.6.2014
949 _64950403039
_asnmksm3039
_bsnmksm1996/3039
949 _617A0499184
_9P60, <04>, [BOOK], {604}
_asnkSC 4509/29 D1
_bsnkVII.221/55
_onáhrada, originál
949 _617A0311765
_9P60, <04>, [BOOK], {604}
_asnkSC 4509/29 D2
949 _60133009337
_asnmk
_bsnmk9337
999 _c20516
_d20516